| Tag |
First Indicator |
Second Indicator |
Subfields |
| LEADER |
00000cam a2200000 a 4500 |
| 001 |
in00001101034 |
| 005 |
20150929185827.0 |
| 008 |
910130m19921993nyua b 001 0 eng |
| 010 |
|
|
|a 91007347
|
| 020 |
|
|
|a 0195062671 (v. 1)
|
| 035 |
|
|
|a (OCoLC)23142566
|
| 035 |
|
|
|9 AFS5917AM
|
| 040 |
|
|
|a DLC
|c DLC
|d TXA
|d UtOrBLW
|
| 049 |
|
|
|a TXAM
|
| 050 |
0 |
0 |
|a QC874
|b .B68 1992
|
| 082 |
0 |
0 |
|a 551.5
|2 20
|
| 100 |
1 |
|
|a Bluestein, Howard.
|
| 245 |
1 |
0 |
|a Synoptic-dynamic meteorology in midlatitudes /
|c Howard B. Bluestein.
|
| 264 |
|
1 |
|a New York :
|b Oxford University Press,
|c 1992-1993.
|
| 300 |
|
|
|a 2 volumes :
|b illustrations ;
|c 24 cm.
|
| 336 |
|
|
|a text
|b txt
|2 rdacontent
|
| 337 |
|
|
|a unmediated
|b n
|2 rdamedia
|
| 338 |
|
|
|a volume
|b nc
|2 rdacarrier
|
| 504 |
|
|
|a Includes bibliographical references and index.
|
| 505 |
0 |
|
|a v. 1. Principles of kinematics and dynamics -- v. 2. Observations and theory of weather systems.
|
| 650 |
|
0 |
|a Synoptic meteorology.
|
| 650 |
|
0 |
|a Dynamic meteorology.
|
| 999 |
|
|
|a MARS
|
| 999 |
f |
f |
|s 4cb573f4-fe3d-3a36-a5e5-32a6471101f0
|i 11e789fd-fc32-3c5d-b211-4d697aef12cd
|t 0
|
| 952 |
f |
f |
|p normal
|a Texas A&M University
|b College Station
|c Sterling C. Evans Library
|d Evans: Library Stacks
|t 0
|e QC874 .B68 1992
|h Library of Congress classification
|i unmediated -- volume
|k v.2
|m A14817078655
|
| 952 |
f |
f |
|p normal
|a Texas A&M University
|b College Station
|c Sterling C. Evans Library
|d Evans: Library Stacks
|t 0
|e QC874 .B68 1992
|h Library of Congress classification
|i unmediated -- volume
|k v.1
|m A14816608863
|
| 998 |
f |
f |
|a QC874 .B68 1992
|s v.1-v.2
|t 0
|l Evans: Library Stacks
|